Kid Cudi - Mr. Rager - Statistics

General Stats
  • This quiz has been taken 196 times
  • The average score is 258 of 361
Answer Stats
Answer % Correct
Mr.
97%
Rager
95%
you
93%
You
93%
on
91%
the
90%
of
89%
I'm
88%
(I'm
88%
Tell
86%
tell
86%
to
84%
adventure
83%
me)
83%
me
83%
off
82%
where
82%
going
80%
your
78%
Hey
77%
be
75%
us
73%
heaven
72%
heaven)
72%
them
72%
When
71%
one
70%
my
69%
you're
67%
You're
67%
way
66%
ground
65%
Birds
64%
birds
64%
headed
64%
see
62%
wanna
61%
around
59%
we
59%
too
58%
yeah
58%
Yeah
58%
long
57%
stories
57%
flying
55%
never
55%
all
50%
like
50%
travels
50%
sing
49%
is
46%
some
45%
this
45%
will
45%
end?
44%
fantasy
44%
kids
44%
down
43%
begin?
42%
journey?
40%
journey
40%
can
39%
Can
39%
now
39%
(We're
39%
we're
39%
for
38%
hear
38%
good
36%
good)
36%
might
36%
round
36%
dedicated
35%
shot
34%
take
34%
singing
32%
are
31%
feeling
30%
tag
30%
along?
29%
Knocked
26%
knocked
26%
here
21%
(Wherever
12%
No matching quizzes found
Score Distribution
Percent of People with Each Score
Percentile by Number Answered
Your Score History
You have not taken this quiz